000 00620nam a2200217 a 4500
001 BRCA_317
005 20190320202945.0
008 930423s1992 enka---##b---#000-0#eng-#
020 _a1851708383
040 _aDLC
_cDLC
_dDLC
050 4 _aNK5306
_b.B76 1992
100 1 _aBrown, Sarah
_91051
245 1 0 _aStained Glass
_ban Illustrated History
_cSarah Brown.
260 _aLondon
_bStudio Editions
_c1992
300 _a176 p.
_bil. (algunas a color)
_c31 cm.
500 _aDonación Consejo Británico
504 _aBibliografía: p. 174-175
650 1 4 _aVitrales
_xHistoria
_91052
902 _aDCB
942 _2lcc
_cB
999 _c254
_d254